Wielki test wiedzy o StarWars - poziom łatwy :) - Statystyki

Ogólne statystyki
  • Ten quiz został rozwiązany 370 razy
  • Średni wynik to 11 z 20
Statystyki odpowiedzi
Tekst Odpowiedź % Poprawnych
Wyznawcy Ciemnej Strony mocy to ... Sithowie
92%
Kto powiedział "Wykonać rozkaz 66"? Palpatine
78%
Na jakiej planecie żył Anakin Skywalker razem z matką? Tatooine
76%
Najsłynniejszy statek w galaktyce Sokół Millenium
71%
Na jakiej planecie Obi-Wan stoczył walkę z Anakinem? Mustafar
69%
Kim był Han Solo? Przemytnik
63%
Kto był Mistrzem hrabiego Dooku? Yoda
63%
W którym roku trafiła do kin pierwsza część (oryginalna trylogia) Gwiezdnych Wojen? 1977
57%
Kto wyreżyserował trzecią część Gwiezdnych Wojen? George Lucas
57%
Od kogo Han Solo wygrał statek? (imię) Lando
56%
Kogo zagrał Samuel L. Jackson? Mace Windu
56%
Na jakiej planecie Anakin ożenił się z Padme? Naboo
54%
Mistrz Kylo Rena Snoke
52%
Gdzie tworzono klony? Kamino
48%
Na jakiej planecie ukrył się Yoda po czystce Jedi? Dagobah
46%
Najlepszy pilot Ruchu Oporu Poe Dameron
41%
Która bitwa stała się wyznacznikiem datowania czasu w galaktyce? Bitwa o Yavin
37%
Jak nazywał się główny rywal Anakin w wyścigu śmigaczy? Sebulba
35%
Kto kolekcjonował miecze świetlne Jedi? generał Grievous
29%
Kto jest asystentem senator Amidali? Jar Jar Binks
29%
Nie znaleziono quizów pasujących do podanych kryteriów
Rozkład punktacji
Procent ludzi z każdym wynikiem
Percentyl według liczby udzielonych odpowiedzi
Twoja historia wyników
Nie rozwiązałeś tego quizu